| 000 | 00665nam a2200253 a 4500 | ||
|---|---|---|---|
| 001 | 0001-1043 | ||
| 003 | ELIB.Books | ||
| 008 | 141121 2010 eng | ||
| 020 | _a9960340112 | ||
| 035 | _a(ELIB.Books)0001-1198 | ||
| 092 |
_a297 _bIbr |
||
| 100 | _aIbrahim, I. A. | ||
| 245 | _aA Brief Illustrated Guide To Understanding Islam | ||
| 250 | _aSecond Edition | ||
| 260 |
_aHouston: _bDarussalam _c1997 |
||
| 300 |
_a74 _c21.5 Cm |
||
| 500 | _aTaylor, Saw. | ||
| 650 | _aIslam: Religion | ||
| 856 |
_nKBTS; Library _uKBTS; Elib. |
||
| 942 |
_2ddc _cBK |
||
| 990 | _a1 | ||
| 998 |
_cbat _e2014-11-21 _mcat _u2018-11-15 |
||
| 999 |
_c11043 _d11043 |
||